Central Library OPAC University of Rajshahi

তুহাফুল উকুল : (Record no. 84526)

MARC details
000 -LEADER
fixed length control field 01542nam a2200253 a 4500
001 - CONTROL NUMBER
control field 84526
003 - CONTROL NUMBER IDENTIFIER
rucl marc code BD-RjUL
005 - DATE AND TIME OF LATEST TRANSACTION
control field 20241211152315.0
008 - FIXED-LENGTH DATA ELEMENTS--GENERAL INFORMATION
fixed length control field 241211s2014 bg ||||| |||| 00| 0 ben d
020 ## - INTERNATIONAL STANDARD BOOK NUMBER
International Standard Book Number 9789843367006
035 ## - SYSTEM CONTROL NUMBER
System control number (BD-RjUL)84526
040 ## - CATALOGING SOURCE
Original cataloging agency BD-RjUL
Language of cataloging eng
Transcribing agency BD-RjUL
041 ## - LANGUAGE CODE
Language code of text/sound track or separate title ben
082 ## - DEWEY DECIMAL CLASSIFICATION NUMBER
Edition number 23
Classification number 297.12516
Author mark and year ALT 2014
100 ## - MAIN ENTRY--PERSONAL NAME
Personal name আল-হাররানি ,শেখ আবু মুহাম্মাদ আল-হাসান ইবনে আলী ইবনিল হুসাইন ইবনে শু'বা
9 (RLIN) 14671
245 ## - TITLE STATEMENT
Title তুহাফুল উকুল :
Remainder of title আন আলের রাসূল (সা.) /
Statement of responsibility, etc. মূল : শেখ আবু মুহাম্মাদ আল-হাসান ইবনে আলী ইবনিল হুসাইন ইবনে শু'বা আল-হাররানি (রহ.); অনুবাদ : আব্দুল কুদ্দুস বাদশা
260 ## - PUBLICATION, DISTRIBUTION, ETC. (IMPRINT)
Place of publication, distribution, etc. ঢাকা :
Name of publisher, distributor, etc. আহলে বাইত (আ.) বিশ্ব সংস্থা, ইরান ও মাবন উন্নয়ন সংস্থা ঢাকা,
Date of publication, distribution, etc. ২০১৪
300 ## - PHYSICAL DESCRIPTION
Pagination ৪৫৬ পৃ.;
Illustrations ২৫ সেমি.
520 01 - SUMMARY, ETC.
Summary, etc. Part 5-7 together (Part.5 Motivation and Emotion--Part.6 Personality and abnormal psychology--Part.7 Social Behavior)
650 ## - SUBJECT ADDED ENTRY--TOPICAL TERM
Topical term or geographic name as entry element হাদিস
Form subdivision ব্যাখ্যা
9 (RLIN) 14672
Topical term or geographic name as entry element Hadith
Form subdivision Interpretation
9 (RLIN) 14673
700 ## - ADDED ENTRY--PERSONAL NAME
Personal name বাদশা, আব্দুল কুদ্দুস
942 ## - ADDED ENTRY ELEMENTS (KOHA)
Source of classification or shelving scheme Dewey Decimal Classification
Koha item type Books
Holdings
Lost status Source of classification or shelving scheme Damaged status Not for loan Collection code Permanent Location Current Location Shelving location Date acquired Source of acquisition Cost, normal purchase price Total Checkouts Full call number Date last seen Copy number Koha item type
  Dewey Decimal Classification   Not For Loan Non-fiction Central Library, University of Rajshahi Central Library, University of Rajshahi Reading Room 12/09/2019 Author 600.00   B 297.12516 ALT 2014 11/12/2024 C-1 Books